Normal view
MARC view
- MS-CSE-18
Entry Topical Term
001 - CONTROL NUMBER
- control field: 84330
003 - CONTROL NUMBER IDENTIFIER
- control field: NUST
005 - DATE AND TIME OF LATEST TRANSACTION
- control field: 20211117121121.0
008 - FIXED-LENGTH DATA ELEMENTS
- fixed length control field: 211117|| aca||aabn | a|a d
040 ## - CATALOGING SOURCE
- Original cataloging agency: NUST
- Transcribing agency: NUST
150 ## - HEADING--TOPICAL TERM
- Topical term or geographic name entry element: MS-CSE-18
670 ## - SOURCE DATA FOUND
- Source citation: Work cat.: (NUST): Muhammad Adnan Aslam 84328, TH-SOF-1873-A Novel Image Steganographic Framework for Efficient Embedding Capacity and Stego Quality, 2021.
